Hacia una nueva educación de adultos: informe de la Consulta Nacional de Docentes

Gardado en:
Detalles Bibliográficos
Autor Corporativo: Ministerio de Educación (Author)
Formato: Libro
Idioma:Lingua castelá
Publicado: Santiago MINEDUC 2001
Subjects:
Tags: Engadir etiqueta
Sen Etiquetas, Sexa o primeiro en etiquetar este rexistro!

MARC

LEADER 00000nam a2200000 a 4500
001 UCM0173
003 CL-VaPUC
008 020125e20010000CL |||||||||||||||||spa|d
082 0 4 |a 374  |b MIN  |2 21 
110 2 |a Ministerio de Educación  |e author  |9 466861 
245 1 0 |a Hacia una nueva educación de adultos: informe de la Consulta Nacional de Docentes 
300 |a 128 p 
942 |c BK 
945 |d 20020125 00:00:00  |a cmena 
260 |a Santiago  |b MINEDUC  |c 2001 
650 0 |a Educación de adultos  |9 307580 
650 0 |a Métodos de enseñanza  |9 270413 
650 0 |a Planificación de la educación   |9 307333 
650 0 |a Reforma educacional   |9 256319 
583 |a last modification  |c 20020125 00:00:00  |k Rodrigo Vera 
999 |c 299209  |d 299207 
952 |0 0  |1 0  |4 0  |6 374_000000000000000_MIN_2001  |7 0  |8 A  |9 355449  |a BIBEDU  |b BIBEDU  |d 2019-11-21  |i 3788393  |o 374 MIN 2001  |p 3788393  |r 2019-11-21  |w 2019-11-21  |y BK  |k BME